Score 0/12 Timer 01:00
1 Play Today
% Correct
carbon
97.5%
calcium
96.2%
copper
96.1%
chlorine
96%
cobalt
95.7%
chromium
94.4%
cadmium
91.8%
cesium
87.3%
californium
85.7%
copernicium
81%
curium
80.2%
cerium
76.9%

Today's Daily Dose

Missing Word
'D' in Video Games

Word Ladder
Lent Begins

Get the Picture
Antz or A Bug's Life?

You're not logged in!

Compare scores with friends on all Sporcle quizzes.
OR
Log In

Sporcle TV

Today on Sporcle TV


Watch our educational content, quiz creation guides, and fun videos on Sporcle TV.

Show Comments

Extras

Top Quizzes Today


Score Distribution

Paid Content

Your Account Isn't Verified!

In order to create a playlist on Sporcle, you need to verify the email address you used during registration. Go to your Sporcle Settings to finish the process.

Report this User

Report this user for behavior that violates our Community Guidelines.

Details: